Loading...
Agroindustrial byproducts and nonconventional feeds for livestock feeding
| Hovedforfatter: | |
|---|---|
| Format: | Printed Book |
| Sprog: | Undetermined English |
| Udgivet: |
Newdelhi
I C A R
1990
|
| Fag: |
| LEADER | 00621nam a2200169Ia 4500 | ||
|---|---|---|---|
| 008 | 140306s9999 xx 000 0 und d | ||
| 041 | |a eng | ||
| 082 | |a 636.084 |b RAN | ||
| 100 | |a Ranjhan, S.K. | ||
| 245 | |a Agroindustrial byproducts and nonconventional feeds for livestock feeding | ||
| 260 | |a Newdelhi |b I C A R |c 1990 | ||
| 300 | |a 127 | ||
| 650 | |a Livestock feeding - agro industrial products | ||
| 650 | |a sugar industry - livestock feeding | ||
| 942 | |2 ddc |c BK | ||
| 999 | |c 70832 |d 70832 | ||
| 952 | |0 0 |1 0 |2 ddc |4 0 |6 636_084000000000000_RAN |7 0 |9 77181 |a KAUACV |b KAUACV |d 2004-06-08 |o 636.084 RAN |p KAU_ACV-24089 |r 2014-03-22 |w 2014-03-22 |y BK | ||